Statistics for Maya Hawke - Bringing Me Down (Lyrics)

Click here to take the quiz!

General Stats

  • This quiz has been taken 8 times
  • The average score is 150 of 203

Answer Stats

Answer% Correct
a
100%
and
100%
be
100%
bringing
100%
down
100%
I
100%
me
100%
it's
86%
It's
86%
if
86%
If
86%
it
86%
it's
86%
It's
86%
must
86%
Not
86%
not
86%
so
86%
So
86%
to
86%
you
86%
But
71%
don't
71%
Feeling
71%
feeling
71%
I've
71%
of
71%
or
71%
the
71%
weak
71%
all
57%
around
57%
at
57%
for
57%
hand
57%
have
57%
hear
57%
hidden
57%
I'm
57%
in
57%
lied
57%
lied,
57%
lonely
57%
my
57%
ordinary
57%
small,
57%
small
57%
they
57%
they're
57%
They're
57%
things
57%
tired,
57%
tired
57%
told
57%
Asking
43%
believe
43%
books,
43%
burdened
43%
carry
43%
crimes
43%
deem
43%
done
43%
dumb
43%
enough
43%
faith
43%
forbidden
43%
Guess
43%
ideas
43%
kind
43%
knows
43%
least
43%
lift
43%
light
43%
look
43%
Losing
43%
much
43%
Nobody
43%
okay
43%
pile
43%
questions
43%
spirits
43%
strong
43%
task
43%
try
43%
Trying
43%
Under
43%
understand
43%
unlearned
43%
weight
43%
words
43%
Sing
29%
song,
29%
wanna
29%

Score Distribution

Percentile by Number Answered

Percent of People with Each Score

Your Score History

You have not taken this quiz